Pays participant aux barrages intercontinentaux des éliminatoires de la Coupe du monde 2026. - Statistiques

Statistiques générales
  • Ce quiz a été pris 227 fois
  • Le résultat moyen est 5 sur 6
Statistiques - réponses
Équipes % Correct
RD Congo
91%
Irak
82%
Nouvelle-Calédonie
74%
Jamaïque
73%
Bolivie
72%
Suriname
61%
Aucun quiz correspondant
Distribution des résultats
% des personnes avec chaque résultat
Percentile par nombre de réponses
Votre historique - résultats
Vous n’avez pas pris ce quiz